|
|
|
|
| LEADER |
01885nam a2200433 i 4500 |
| 001 |
EBC1787139 |
| 003 |
MiAaPQ |
| 005 |
20200520144314.0 |
| 006 |
m o d | |
| 007 |
cr cnu|||||||| |
| 008 |
150602t20142014pl ob 001 0 eng d |
| 020 |
|
|
|z 9783110411300
|
| 020 |
|
|
|a 9783110411317
|q (electronic bk.)
|
| 035 |
|
|
|a (MiAaPQ)EBC1787139
|
| 035 |
|
|
|a (Au-PeEL)EBL1787139
|
| 035 |
|
|
|a (CaPaEBR)ebr11054995
|
| 035 |
|
|
|a (OCoLC)908918662
|
| 040 |
|
|
|a MiAaPQ
|b eng
|e rda
|e pn
|c MiAaPQ
|d MiAaPQ
|
| 050 |
|
4 |
|a PG8831
|b .K35 2014
|
| 082 |
0 |
|
|a 491.9382421
|2 23
|
| 100 |
1 |
|
|a Kalnaca, Andra,
|e author.
|
| 245 |
1 |
2 |
|a A typological perspective on Latvian grammar /
|c Andra Kalnaca; managing editor, Anna Borowska; associate editor, Helle Metslang; language editor, Uldis Balodis.
|
| 264 |
|
1 |
|a Warsaw, [Poland] ;
|a Berlin, [Germany] :
|b De Gruyter Open,
|c 2014.
|
| 264 |
|
4 |
|c 2014
|
| 300 |
|
|
|a 1 online resource (198 pages)
|
| 336 |
|
|
|a text
|2 rdacontent
|
| 337 |
|
|
|a computer
|2 rdamedia
|
| 338 |
|
|
|a online resource
|2 rdacarrier
|
| 504 |
|
|
|a Includes bibliographical references and index.
|
| 588 |
|
|
|a Description based on online resource; title from PDF title page (ebrary, viewed May 28, 2015).
|
| 590 |
|
|
|a Electronic reproduction. Ann Arbor, MI : ProQuest, 2016. Available via World Wide Web. Access may be limited to ProQuest affiliated libraries.
|
| 650 |
|
0 |
|a Latvian language
|x Grammar.
|
| 655 |
|
4 |
|a Electronic books.
|
| 700 |
1 |
|
|a Borowska, Anna,
|e editor.
|
| 700 |
1 |
|
|a Metslang, Helle,
|e editor.
|
| 700 |
1 |
|
|a Balodis, Uldis,
|e editor.
|
| 776 |
0 |
8 |
|i Print version:
|a Kalnaca, Andra.
|t Typological perspective on Latvian grammar.
|d Warsaw, [Poland] ; Berlin, [Germany] : De Gruyter Open, c2014
|h iv, 186 pages
|z 9783110411300
|
| 797 |
2 |
|
|a ProQuest (Firm)
|
| 856 |
4 |
0 |
|u https://ebookcentral.proquest.com/lib/matrademy/detail.action?docID=1787139
|z Click to View
|